[Event "PRO League Group Stage"]
[Site "chess.com INT"]
[Date "2018.02.24"]
[Round "7"]
[White "Adhiban, Baskaran"]
[Black "Perez Ponsa, Federico"]
[Result "1-0"]
[WhiteTitle "GM"]
[BlackTitle "GM"]
[WhiteElo "2655"]
[BlackElo "2553"]
[WhiteTeam "Mumbai Movers"]
[BlackTeam "Buenos Aires Krakens"]
[WhiteFideId "5018471"]
[BlackFideId "117927"]
[EventDate "2018.01.18"]

1. f4 g6 2. Nf3 Bg7 3. e4 c5 4. Be2 d5 5. d3 Nc6 6. O-O Nf6 7. e5 Ng4 8. c3 f6
9. d4 cxd4 10. Nxd4 Nxd4 11. cxd4 Nh6 12. Nc3 O-O 13. Bf3 e6 14. Be3 Nf5 15. Bf2
fxe5 16. fxe5 Bh6 17. Qd3 Bd7 18. Rae1 Rc8 19. Bd1 Qg5 20. Ba4 Rxc3 21. Qxc3
Bxa4 22. Qb4 Bc6 23. Kh1 a6 24. a4 Qd2 25. Qa3 a5 26. Bg1 Qb4 27. Qxb4 axb4 28.
g4 Nh4 29. Rxf8+ Kxf8 30. b3 Ke7 31. Rf1 Bd2 32. h3 g5 33. Bf2 Ng6 34. Be1 Bxe1
35. Rxe1 Nf4 36. Kh2 Be8 37. Rc1 Kd8 38. Rf1 Bg6 39. h4 h6 40. h5 Bc2 41. a5
Bxb3 42. Rb1 Bc4 43. Rxb4 Kc7 44. Rb6 Be2 45. Kg3 Bd1 46. Rb4 Bc2 47. Kf3 Bh7
48. Ke3 Bc2 49. Kf3 Bd3 50. Rb6 Bc2 51. Rb4 Bd1+ 52. Kg3 Be2 53. Rb6 Ba6 54. Kf3
Kd7 55. Rd6+ Ke7 56. Rb6 Ne2 57. Ke3 Nc3 58. Rb3 Nb5 59. Rb2 Nc3 60. Rb3 Ne4 61.
Rb6 Kd7 62. Rb3 Ng3 63. Rb2 Ke7 64. Rf2 Ne4 65. Rb2 Nc3 66. Rb3 Nb5 67. Rb2 Na3
68. Kf3 Nc4 69. Ra2 Kd7 70. Kg3 Ke7 71. Rf2 Nxa5 72. Rf6 Bd3 73. Rxh6 b5 74. Rh8
Nc6 75. h6 Nxd4 76. h7 Bxh7 77. Rxh7+ Kf8 78. Rb7 Ke8 79. Rg7 b4 80. Rxg5 Kf7
81. Rh5 b3 82. Rh7+ Kg6 83. Rb7 Kg5 84. Rg7+ Kh6 85. Rb7 Kg5 86. Rg7+ Kh6 87.
Rg8 Kh7 88. Rb8 Kg6 89. Kf4 Ne2+ 90. Ke3 Ng3 91. Rxb3 Ne4 92. Kf4 Nc5 93. Rb6
Nd3+ 94. Ke3 Nc5 95. Kd4 Ne4 96. Rxe6+ Kg5 97. Kxd5 Nc3+ 98. Kc4 Ne4 99. Kd4 Ng3
100. Re8 Ne2+ 101. Ke4 Nc3+ 102. Kd3 Nb5 103. Rg8+ Kf4 104. e6 1-0

[Event "PRO League Group Stage"]
[Site "chess.com INT"]
[Date "2018.02.24"]
[Round "7"]
[White "Adhiban, Baskaran"]
[Black "Nakamura, Hikaru"]
[Result "0-1"]
[WhiteTitle "GM"]
[BlackTitle "GM"]
[WhiteElo "2655"]
[BlackElo "2781"]
[WhiteTeam "Mumbai Movers"]
[BlackTeam "Seattle Sluggers"]
[WhiteFideId "5018471"]
[BlackFideId "2016192"]
[EventDate "2018.01.18"]

1. d4 g6 2. e4 Bg7 3. Nc3 d6 4. f4 Nc6 5. Bb5 a6 6. Bxc6+ bxc6 7. Nf3 Nf6 8. O-O
O-O 9. h3 Rb8 10. Rb1 Bb7 11. Qe1 c5 12. dxc5 dxc5 13. Kh1 Ba8 14. a3 Qc8 15.
Qh4 Bxe4 16. Ng5 Bxc2 17. Nd5 Re8 18. f5 Bxb1 19. Nxf6+ exf6 20. Qxh7+ Kf8 21.
Ne6+ Rxe6 22. fxe6 Qxe6 23. Bh6 Bxh6 24. Qxh6+ Kg8 25. Rxb1 Qa2 26. Rf1 Rxb2 27.
h4 Rxg2 28. Qf4 Qd5 29. Qf3 Qxf3 30. Rxf3 Rg4 31. Rxf6 Rxh4+ 32. Kg2 Ra4 33. Rc6
Rxa3 34. Rxc5 a5 35. Rxc7 a4 0-1

[Event "PRO League Group Stage"]
[Site "chess.com INT"]
[Date "2018.02.24"]
[Round "7"]
[White "Adhiban, Baskaran"]
[Black "Liang, Awonder"]
[Result "1-0"]
[WhiteTitle "GM"]
[BlackTitle "GM"]
[WhiteElo "2655"]
[BlackElo "2572"]
[WhiteTeam "Mumbai Movers"]
[BlackTeam "Pittsburgh Pawngrabbers"]
[WhiteFideId "5018471"]
[BlackFideId "2056437"]
[EventDate "2018.01.18"]

1. e4 e5 2. Bc4 Nc6 3. d3 Nf6 4. Nc3 Na5 5. Qf3 d6 6. h3 Be7 7. Nge2 O-O 8. O-O
c6 9. a4 Nxc4 10. dxc4 Be6 11. b3 Qc7 12. Rd1 Rad8 13. Bg5 h6 14. Bc1 Nh7 15.
Ng3 Bg5 16. Bxg5 Nxg5 17. Qe3 a6 18. f4 exf4 19. Qxf4 Qb6+ 20. Kh2 Bc8 21. Rd3
Ne6 22. Qe3 Qc5 23. Rad1 Qe5 24. Kg1 Rfe8 25. Qf2 a5 26. Qf5 g6 27. Qf2 h5 28.
Rf1 Re7 29. Re3 Nc5 30. Nge2 Rf8 31. Nf4 Ne6 32. Nce2 Nxf4 33. Nxf4 Rfe8 34. Kh1
Qh8 35. Nd3 Qg7 36. Qf4 d5 37. cxd5 cxd5 38. e5 Bf5 39. Rfe1 Rc8 40. R1e2 Rec7
41. Qf2 Rc6 42. Nf4 d4 43. Rf3 Bxc2 44. Qxd4 Bf5 45. Kh2 Be6 46. Nxh5 gxh5 47.
Rg3 Bg4 48. hxg4 hxg4 49. Rxg4 Rg6 50. Ree4 Qh6+ 51. Rh4 Qg5 52. Reg4 Qd8 53.
Rxg6+ fxg6 54. Qg4 Qe8 55. e6 Rc6 56. Qd4 Qb8+ 1-0

[Event "PRO League Group Stage"]
[Site "chess.com INT"]
[Date "2018.02.24"]
[Round "7"]
[White "Rosenthal, Nicholas"]
[Black "Admiraal, Miguoel"]
[Result "1-0"]
[BlackTitle "IM"]
[WhiteElo "2169"]
[BlackElo "2453"]
[WhiteTeam "Miami Champions"]
[BlackTeam "Amsterdam Mosquitoes"]
[WhiteFideId "2045150"]
[BlackFideId "1019716"]
[EventDate "2018.01.18"]

1. e4 c6 2. d3 d5 3. Nd2 e5 4. Ngf3 Bd6 5. d4 exd4 6. Bd3 dxe4 7. Nxe4 Nf6 8.
Nxf6+ Qxf6 9. O-O O-O 10. Bg5 Qe6 11. Re1 Qd7 12. Nxd4 Qg4 13. Qxg4 Bxg4 14. Be7
Bxe7 15. Rxe7 Rd8 16. Rae1 Nd7 17. Bc4 Bh5 18. Nf5 Nb6 19. Bb3 Rab8 20. Nd6 Kf8
21. Nxf7 Rd5 22. Nh8 Rd7 23. R7e5 Bg6 24. Nxg6+ hxg6 25. h4 Rbd8 26. R5e3 Rd6
27. Re7 R6d7 28. R7e4 Rd4 29. g3 Rxe4 30. Rxe4 Rd6 31. Kg2 Nd7 32. Rf4+ Nf6 33.
g4 Ke8 34. g5 Nd5 35. Re4+ Kd7 36. Kf3 Ne7 37. Bc4 Nf5 38. Bd3 c5 39. Rf4 Nd4+
40. Kg4 Ke7 41. Re4+ Kd7 42. Re5 b6 43. Be4 a5 44. c3 Ne6 45. Bxg6 Nf8 46. Bf5+
Kc6 47. Re2 g6 48. Be4+ Kd7 49. f4 b5 50. f5 gxf5+ 51. Bxf5+ Kc7 52. h5 Rd1 53.
Rg2 Rd2 54. Rxd2 1-0

[Event "PRO League Group Stage"]
[Site "chess.com INT"]
[Date "2018.02.24"]
[Round "7"]
[White "Rosenthal, Nicholas"]
[Black "Cooper, Lawrence H"]
[Result "0-1"]
[BlackTitle "IM"]
[WhiteElo "2169"]
[BlackElo "2347"]
[WhiteTeam "Miami Champions"]
[BlackTeam "London Lions"]
[WhiteFideId "2045150"]
[BlackFideId "401536"]
[EventDate "2018.01.18"]

1. e4 e5 2. Nf3 Nf6 3. Nc3 Nc6 4. Bb5 Bd6 5. O-O O-O 6. d3 a6 7. Ba4 Re8 8. Bg5
h6 9. Bh4 b5 10. Bb3 Be7 11. a4 b4 12. Nb1 d6 13. Nbd2 Na5 14. Ba2 Rb8 15. c3 c5
16. d4 bxc3 17. bxc3 cxd4 18. cxd4 exd4 19. Re1 Ng4 20. Bxe7 Qxe7 21. Nxd4 Qh4
22. N2f3 Qxf2+ 23. Kh1 Rb2 24. Re2 Qxe2 25. Nxe2 Nf2+ 26. Kg1 Nxd1 27. Rxd1 Rxa2
28. Ng3 Nc4 29. Rd4 Ne3 30. Rxd6 Rxg2+ 31. Kh1 Ra2 32. Kg1 Bh3 33. Rd3 Ng4 0-1

[Event "PRO League Group Stage"]
[Site "chess.com INT"]
[Date "2018.02.24"]
[Round "7"]
[White "Rosenthal, Nicholas"]
[Black "Stokke, Kjetil"]
[Result "1-0"]
[BlackTitle "IM"]
[WhiteElo "2169"]
[BlackElo "2336"]
[WhiteTeam "Miami Champions"]
[BlackTeam "Oslo Trolls"]
[WhiteFideId "2045150"]
[BlackFideId "1502964"]
[EventDate "2018.01.18"]

1. e4 c6 2. d3 d5 3. Nd2 g6 4. Ngf3 Bg7 5. g3 e5 6. Bg2 Ne7 7. O-O O-O 8. c4
dxe4 9. dxe4 Na6 10. a3 Nc5 11. b4 Nd3 12. Nb3 Be6 13. Qc2 Nxc1 14. Raxc1 h6 15.
Nc5 Bc8 16. Rfd1 Qc7 17. Nb3 Be6 18. Nc5 Bc8 19. Nb3 b6 20. c5 Be6 21. Rd3 Rfd8
22. Rcd1 Rxd3 23. Rxd3 Qb7 24. Bf1 Re8 25. Nfd2 f5 26. Rd6 Bf7 27. Bc4 Bf8 28.
Rf6 Bxc4 29. Qxc4+ Kh8 30. Qf7 Qc8 31. Nc4 Qd7 32. Rd6 Qc8 33. Nxe5 Bg7 34.
Nxg6+ Nxg6 35. Rxg6 Rg8 36. exf5 Qf8 37. Qxf8 Rxf8 38. cxb6 axb6 39. Rxc6 1-0

[Event "PRO League Group Stage"]
[Site "chess.com INT"]
[Date "2018.02.24"]
[Round "7"]
[White "Rosenthal, Nicholas"]
[Black "Gonzalez, Francisco Silva"]
[Result "0-1"]
[WhiteElo "2169"]
[BlackElo "2076"]
[WhiteTeam "Miami Champions"]
[BlackTeam "Norway Gnomes"]
[WhiteFideId "2045150"]
[BlackFideId "1512285"]
[EventDate "2018.01.18"]

1. e4 e5 2. Nf3 Nc6 3. Bc4 Bc5 4. c3 Nf6 5. d4 exd4 6. cxd4 Bb4+ 7. Bd2 Bxd2+ 8.
Nbxd2 d5 9. exd5 Nxd5 10. O-O O-O 11. Rc1 Bg4 12. h3 Bh5 13. Bxd5 Qxd5 14. Rc5
Bxf3 15. Nxf3 Qxa2 16. Re1 Rad8 17. d5 Qxb2 18. Qd3 Nb4 19. Qe4 b6 20. Rxc7 Nxd5
21. Rxa7 Nf6 22. Qc4 b5 23. Qf1 Rd5 24. Rb1 Qc2 25. Kh2 h6 26. Rb7 Ne4 27. R1xb5
Rd1 28. Ne1 Qd2 29. Rb1 Qd6+ 30. Kg1 Rd2 31. R7b2 Qf6 32. Rxd2 Nxd2 33. Qd3 Nxb1
34. Qxb1 Rd8 35. Nf3 Qd6 36. Qe4 g6 37. g3 Qd1+ 38. Kg2 Qd5 39. Qe3 Rb8 40. Kh2
Qb3 41. Qf4 Re8 42. Kg2 g5 43. Qf5 Qe6 44. Qb5 Qe4 45. Qb6 Re6 46. Qd8+ Kg7 47.
Qd4+ Qxd4 48. Nxd4 Ra6 49. g4 Kf6 50. Nf5 h5 51. Ng3 h4 52. Ne4+ Kg6 53. f3 Ra2+
54. Kg1 f5 55. Nf2 Kf6 56. Kf1 Ke6 57. Nd3 fxg4 58. hxg4 Rd2 59. Nc5+ Ke5 60.
Ne4 Ra2 61. Nc3 Rc2 62. Ne2 h3 63. Ng3 Kf4 64. Nf5 h2 0-1

[Event "PRO League Group Stage"]
[Site "chess.com INT"]
[Date "2018.02.24"]
[Round "7"]
[White "Perez Ponsa, Federico"]
[Black "Sharafiev, Azat"]
[Result "1-0"]
[WhiteTitle "GM"]
[BlackTitle "IM"]
[WhiteElo "2553"]
[BlackElo "2432"]
[WhiteTeam "Buenos Aires Krakens"]
[BlackTeam "Volga Stormbringers"]
[WhiteFideId "117927"]
[BlackFideId "4186214"]
[EventDate "2018.01.18"]

1. d4 e6 2. e4 d5 3. e5 c5 4. c3 Nc6 5. Nf3 Bd7 6. Na3 f6 7. Nc2 fxe5 8. dxe5
Qc7 9. Bf4 Nge7 10. Bd3 O-O-O 11. O-O c4 12. Be2 Ng6 13. Bg3 Ngxe5 14. Ncd4
Nxf3+ 15. Bxf3 Qb6 16. b3 cxb3 17. axb3 Bc5 18. b4 Bxd4 19. cxd4 Nxd4 20. Bg4
Nc6 21. b5 Qxb5 22. Qc2 Qc4 23. Qb2 Qxg4 24. Rxa7 Nxa7 25. Qe5 Qxg3 26. hxg3 b6
27. Qd4 Kb7 28. Rb1 Nb5 29. Qxg7 Nd6 30. Re1 Rhe8 31. Qxh7 Ne4 32. g4 Rh8 33.
Qe7 Rhe8 34. Qb4 Bc6 35. Rb1 b5 36. f3 Nd6 37. Qc5 Nc4 38. g5 d4 39. Qxc4 d3 40.
Qc3 Rd5 41. g6 d2 42. Rd1 Red8 43. g7 Rg5 44. Qf6 Rdd5 45. Rxd2 1-0

[Event "PRO League Group Stage"]
[Site "chess.com INT"]
[Date "2018.02.24"]
[Round "7"]
[White "Perez Ponsa, Federico"]
[Black "Salem, A.R. Saleh"]
[Result "1-0"]
[WhiteTitle "GM"]
[BlackTitle "GM"]
[WhiteElo "2553"]
[BlackElo "2642"]
[WhiteTeam "Buenos Aires Krakens"]
[BlackTeam "Delhi Dynamite"]
[WhiteFideId "117927"]
[BlackFideId "9301348"]
[EventDate "2018.01.18"]

1. Nf3 c5 2. c4 Nf6 3. b3 d5 4. cxd5 Nxd5 5. Bb2 Nc6 6. e3 f6 7. Nc3 Nxc3 8.
Bxc3 e5 9. Qc2 Be6 10. Bd3 Qd7 11. Bxh7 O-O-O 12. Be4 g5 13. g3 Kb8 14. Rc1 Be7
15. a3 Rc8 16. h4 Ka8 17. Qb1 f5 18. Bc2 Nd4 19. exd4 cxd4 20. Bb4 Bxb4 21. axb4
Qd5 22. Bd1 g4 23. Rxc8+ Rxc8 24. Qd3 gxf3 25. Qxf3 Qd6 26. O-O e4 27. Qf4 Qxb4
28. h5 Qc5 29. h6 Rh8 30. d3 exd3 31. Re1 Bc8 32. Bf3 Qb6 33. h7 Qb4 34. Rc1 d2
35. Rc4 Qe7 36. Rc7 Qf6 37. Qxd2 Qd6 38. Qc1 Kb8 39. Rxc8+ Rxc8 40. Qxc8+ Kxc8
41. h8=Q+ Kc7 42. Qg7+ Kb6 43. Qxb7+ Ka5 44. Bc6 a6 45. Kf1 d3 46. b4+ Qxb4 47.
Qc7+ Qb6 48. Qxb6+ Kxb6 49. Bd7 Kc5 50. Bxf5 Kd4 51. Ke1 Kc3 52. Kd1 a5 53. g4
a4 54. g5 a3 55. Be6 Kd4 56. f4 1-0

[Event "PRO League Group Stage"]
[Site "chess.com INT"]
[Date "2018.02.24"]
[Round "7"]
[White "Perez Ponsa, Federico"]
[Black "Hjartarson, Johann"]
[Result "0-1"]
[WhiteTitle "GM"]
[BlackTitle "GM"]
[WhiteElo "2553"]
[BlackElo "2536"]
[WhiteTeam "Buenos Aires Krakens"]
[BlackTeam "Reykjavik Puffins"]
[WhiteFideId "117927"]
[BlackFideId "2300044"]
[EventDate "2018.01.18"]

1. Nf3 f5 2. d3 d6 3. e4 e5 4. Nc3 c5 5. g3 Nf6 6. Bg2 Nc6 7. O-O Be7 8. Bg5 O-O
9. Nd2 Be6 10. a4 Qd7 11. exf5 Bxf5 12. Bxf6 Bxf6 13. Nd5 Rae8 14. Ne4 Bd8 15.
c3 Kh8 16. Ne3 Be6 17. c4 Nd4 18. Nc3 Ba5 19. Ncd5 Rf7 20. Qh5 Ref8 21. Be4 g6
22. Bxg6 Nf3+ 23. Kg2 Bh3+ 24. Qxh3 Ne1+ 25. Raxe1 Rxf2+ 26. Rxf2 Rxf2+ 27. Kxf2
Qxh3 28. Be4 Qxh2+ 29. Bg2 Bxe1+ 30. Kxe1 Qxg3+ 31. Ke2 b6 32. b4 cxb4 33. Nxb4
h5 34. Nc6 a5 35. Ne7 h4 36. N7f5 Qh2 37. Kf1 h3 38. Be4 Qd2 39. Kg1 h2+ 40. Kh1
Qf2 0-1

[Event "PRO League Group Stage"]
[Site "chess.com INT"]
[Date "2018.02.24"]
[Round "7"]
[White "Perez Ponsa, Federico"]
[Black "Degraeve, Jean-Marc"]
[Result "0-1"]
[WhiteTitle "GM"]
[BlackTitle "GM"]
[WhiteElo "2553"]
[BlackElo "2570"]
[WhiteTeam "Buenos Aires Krakens"]
[BlackTeam "Marseille Migraines"]
[WhiteFideId "117927"]
[BlackFideId "600270"]
[EventDate "2018.01.18"]

1. e4 Nf6 2. e5 Nd5 3. d4 d6 4. c4 Nb6 5. exd6 exd6 6. Nc3 Nc6 7. d5 Ne5 8. f4
Ng4 9. Nf3 Be7 10. Bd3 O-O 11. O-O a5 12. h3 Nf6 13. Be3 Re8 14. Re1 Bf8 15. Qc2
g6 16. Bd4 Bg7 17. Rxe8+ Nxe8 18. Re1 Bd7 19. Bxg7 Nxg7 20. Ne4 Bf5 21. Nfd2 Nd7
22. Qc3 b6 23. g4 Bxe4 24. Nxe4 Qh4 25. Kg2 f5 26. Ng5 fxg4 27. Re7 gxh3+ 28.
Kh1 Nh5 29. Rxh7 Ndf6 30. Bxg6 Nxh7 31. Bf7+ Kf8 32. Bxh5 Qxh5 33. Qh8+ Ke7 34.
Qg7+ Ke8 35. Nxh7 Qf3+ 36. Kh2 Qg2+ 37. Qxg2 hxg2 38. Kxg2 a4 39. Kf3 b5 40.
cxb5 Rb8 41. b3 axb3 42. axb3 Rxb5 43. Ke4 Rxb3 44. Ng5 Kd7 45. f5 Rb4+ 46. Ke3
Ke7 47. Ne4 Kf7 48. Kd3 Rb1 49. Nc3 Rb3 50. Kc4 Rxc3+ 51. Kxc3 Kf6 52. Kc4 Kxf5 0-1

[Event "PRO League Group Stage"]
[Site "chess.com INT"]
[Date "2018.02.24"]
[Round "7"]
[White "Guseinov, Gadir"]
[Black "Hansen, Eric"]
[Result "1-0"]
[WhiteTitle "GM"]
[BlackTitle "GM"]
[WhiteElo "2646"]
[BlackElo "2629"]
[WhiteTeam "Estonia Horses"]
[BlackTeam "Montreal Chessbrahs"]
[WhiteFideId "13401378"]
[BlackFideId "2606771"]
[EventDate "2018.01.18"]

1. e4 e5 2. Nf3 Nc6 3. Bb5 a6 4. Bxc6 dxc6 5. O-O Qd6 6. d3 Ne7 7. Be3 Ng6 8.
Nbd2 Be7 9. Qe2 O-O 10. a4 a5 11. Rfd1 b6 12. Nc4 Qe6 13. b3 c5 14. Nfd2 Bb7 15.
f3 Rad8 16. Nf1 Bh4 17. Ng3 Ne7 18. Bf2 Bg5 19. Be3 Bh4 20. Bf2 Bg5 21. Be3 Bf4
22. Qf2 Nc6 23. Ne2 Qh6 24. Nxf4 exf4 25. Bc1 Nd4 26. Bb2 Ne6 27. Re1 Qg5 28.
Rad1 h5 29. c3 h4 30. h3 Ba6 31. d4 Bxc4 32. bxc4 Rfe8 33. e5 Nf8 34. Re4 Ng6
35. Rde1 Qf5 36. Qe2 Re7 37. Bc1 Rde8 38. Kh2 Qd7 39. Qc2 Qf5 40. Qe2 Qd7 41.
Kh1 Qf5 42. Qc2 Rd7 43. Qb3 Red8 44. Qb2 Re7 45. Bd2 Re6 46. Qc1 cxd4 47. cxd4
c5 48. dxc5 bxc5 49. Bxf4 Rd4 50. Bh2 Rb6 51. Rxd4 cxd4 52. c5 Rb3 53. Qc4 Rb1
54. Rc1 Rb4 55. Qf1 Ne7 56. c6 Rb3 57. c7 Rc3 58. Rd1 d3 59. e6 fxe6 60. Qe1 Rc2
61. Qxh4 Nd5 62. Qd8+ Kh7 63. c8=Q Ne3 64. Qh8+ Kg6 65. Qce8+ Qf7 66. Qxf7+ 1-0

[Event "PRO League Group Stage"]
[Site "chess.com INT"]
[Date "2018.02.24"]
[Round "7"]
[White "Guseinov, Gadir"]
[Black "Miroshnichenko, Evgenij"]
[Result "1-0"]
[WhiteTitle "GM"]
[BlackTitle "GM"]
[WhiteElo "2646"]
[BlackElo "2606"]
[WhiteTeam "Estonia Horses"]
[BlackTeam "Australia Kangaroos"]
[WhiteFideId "13401378"]
[BlackFideId "14102595"]
[EventDate "2018.01.18"]

1. e4 d5 2. exd5 Qxd5 3. Nc3 Qa5 4. g3 Nf6 5. Bg2 c6 6. Nge2 g6 7. O-O Bg7 8. d3
O-O 9. Re1 Qh5 10. Nf4 Qxd1 11. Nxd1 Re8 12. Nc3 Na6 13. a3 Nc7 14. h3 e5 15.
Nfe2 Be6 16. b3 Rad8 17. Bb2 Bc8 18. Rad1 Nfd5 19. Kh2 Ne6 20. Nxd5 cxd5 21. c4
dxc4 22. dxc4 Nc5 23. Nc1 Rxd1 24. Rxd1 e4 25. Bxg7 Kxg7 26. b4 Na4 27. Ne2 b6
28. Rd4 f5 29. Kg1 Kf6 30. h4 Be6 31. Nf4 Bf7 32. Bf1 Ke7 33. f3 exf3 34. Kf2
Rd8 35. Rxd8 Kxd8 36. Kxf3 Ke7 37. Ke3 Nc3 38. Bd3 Nd1+ 39. Kd4 Nf2 40. c5 bxc5+
41. bxc5 h6 42. h5 g5 43. Ng6+ Kf6 44. c6 Nxd3 45. Kxd3 Be6 46. Kd4 Bc8 47. Kd5
f4 48. gxf4 gxf4 49. Nxf4 Kg5 50. Ke5 a5 51. c7 Kg4 52. Nd5 Kxh5 53. Ne7 Bd7 54.
Kf4 Be6 55. a4 Bd7 56. c8=Q Bxc8 57. Nxc8 Kg6 58. Ne7+ Kf6 59. Nc6 1-0

[Event "PRO League Group Stage"]
[Site "chess.com INT"]
[Date "2018.02.24"]
[Round "7"]
[White "Guseinov, Gadir"]
[Black "Mamedov, Rauf"]
[Result "1/2-1/2"]
[WhiteTitle "GM"]
[BlackTitle "GM"]
[WhiteElo "2646"]
[BlackElo "2709"]
[WhiteTeam "Estonia Horses"]
[BlackTeam "San Jose Hackers"]
[WhiteFideId "13401378"]
[BlackFideId "13401653"]
[EventDate "2018.01.18"]

1. e4 c5 2. Nc3 Nc6 3. Bb5 Nd4 4. Nf3 a6 5. Bd3 Nc6 6. O-O g6 7. Re1 Bg7 8. a3
d6 9. Rb1 Nf6 10. b4 O-O 11. bxc5 dxc5 12. a4 Nd7 13. Bf1 Nd4 14. Bb2 Nxf3+ 15.
Qxf3 Ne5 16. Qg3 e6 17. Nd5 exd5 18. Bxe5 Bxe5 19. Qxe5 dxe4 20. Qxc5 Qxd2 21.
Rxe4 Bf5 22. Rd4 Qxc2 23. Qxc2 Bxc2 24. Rxb7 Rfd8 25. Rf4 Rd1 26. Rfxf7 Bd3 27.
Rg7+ Kf8 28. Rgf7+ Kg8 29. Rg7+ Kf8 30. Rgf7+ Kg8 31. Rg7+ Kf8 32. Rgf7+ 1/2-1/2

[Event "PRO League Group Stage"]
[Site "chess.com INT"]
[Date "2018.02.24"]
[Round "7"]
[White "Guseinov, Gadir"]
[Black "Shimanov, Aleksandr"]
[Result "1/2-1/2"]
[WhiteTitle "GM"]
[BlackTitle "GM"]
[WhiteElo "2646"]
[BlackElo "2641"]
[WhiteTeam "Estonia Horses"]
[BlackTeam "Webster Windmills"]
[WhiteFideId "13401378"]
[BlackFideId "4198603"]
[EventDate "2018.01.18"]

1. e4 c6 2. d4 d5 3. Nd2 dxe4 4. Nxe4 Bf5 5. Ng3 Bg6 6. h4 h6 7. Nf3 e6 8. Ne5
Bh7 9. Bd3 Bxd3 10. Qxd3 Nd7 11. Bf4 Nxe5 12. Bxe5 Qa5+ 13. c3 Nf6 14. O-O Ng4
15. Rad1 Rd8 16. Qe2 Nxe5 17. dxe5 Be7 18. b4 Qc7 19. Rxd8+ Bxd8 20. f4 O-O 21.
h5 Qe7 22. Qg4 Bb6+ 23. Kh2 f5 24. exf6 Rxf6 25. Ne4 Rf5 26. Ng3 Rf6 27. Ne4 Rf5
28. Ng3 Rf6 1/2-1/2

[Event "PRO League Group Stage"]
[Site "chess.com INT"]
[Date "2018.02.24"]
[Round "7"]
[White "Akobian, Varuzhan"]
[Black "Bacrot, Alexandre"]
[Result "1-0"]
[WhiteTitle "GM"]
[WhiteElo "2647"]
[BlackElo "2192"]
[WhiteTeam "Saint Louis Arch Bishops"]
[BlackTeam "Marseille Migraines"]
[WhiteFideId "13300580"]
[BlackFideId "26076837"]
[EventDate "2018.01.18"]

1. d4 Nf6 2. c4 e6 3. Nc3 Bb4 4. Qc2 c5 5. dxc5 Bxc5 6. Nf3 Nc6 7. Bg5 Nd4 8.
Nxd4 Bxd4 9. e3 Bc5 10. Be2 O-O 11. O-O Be7 12. Rfd1 a6 13. Bf3 Qc7 14. Ne4 Qe5
15. Nxf6+ Bxf6 16. Bxf6 Qxf6 17. Rd6 Rb8 18. c5 Qd8 19. Qb3 Qc7 20. Qb6 Qxb6 21.
cxb6 f6 22. b4 Kf7 23. a4 Ke7 24. Rad1 f5 25. a5 Rf6 26. b5 axb5 27. a6 e5 28.
Rxf6 gxf6 29. a7 Ra8 30. Bd5 b4 31. Kf1 d6 32. Ke2 e4 33. Rc1 Kd8 34. Kd2 b3 35.
Kc3 Bd7 36. Bxb7 1-0

[Event "PRO League Group Stage"]
[Site "chess.com INT"]
[Date "2018.02.24"]
[Round "7"]
[White "Akobian, Varuzhan"]
[Black "Lalith, Babu M R"]
[Result "1-0"]
[WhiteTitle "GM"]
[BlackTitle "GM"]
[WhiteElo "2647"]
[BlackElo "2542"]
[WhiteTeam "Saint Louis Arch Bishops"]
[BlackTeam "Delhi Dynamite"]
[WhiteFideId "13300580"]
[BlackFideId "5024595"]
[EventDate "2018.01.18"]

1. d4 Nf6 2. c4 e6 3. Nc3 Bb4 4. Qc2 d5 5. a3 Bxc3+ 6. Qxc3 O-O 7. Nf3 dxc4 8.
Qxc4 b6 9. h4 Ba6 10. Qc2 Bb7 11. h5 h6 12. Rh4 Nbd7 13. e4 c5 14. e5 Nd5 15.
Bxh6 Ne7 16. Rg4 Nf5 17. Bxg7 1-0

[Event "PRO League Group Stage"]
[Site "chess.com INT"]
[Date "2018.02.24"]
[Round "7"]
[White "Akobian, Varuzhan"]
[Black "Gorozhanin, Mikhail"]
[Result "0-1"]
[WhiteTitle "GM"]
[BlackTitle "FM"]
[WhiteElo "2647"]
[BlackElo "2435"]
[WhiteTeam "Saint Louis Arch Bishops"]
[BlackTeam "Volga Stormbringers"]
[WhiteFideId "13300580"]
[BlackFideId "4178262"]
[EventDate "2018.01.18"]

1. d4 d5 2. c4 e6 3. Nc3 c6 4. e3 Bd6 5. Nf3 f5 6. Bd3 Nf6 7. O-O O-O 8. Ne5
Nbd7 9. f4 Ne4 10. Nxe4 dxe4 11. Be2 Nxe5 12. fxe5 Be7 13. Kh1 Bd7 14. g4 g6 15.
gxf5 gxf5 16. Rg1+ Kh8 17. Bd2 Be8 18. Bc3 Bg5 19. Rg3 f4 20. exf4 Bxf4 21. Rg2
Bg6 22. Bh5 Bf5 23. Bg4 Qh4 24. Bxf5 Rxf5 25. Qg4 Qxg4 26. Rxg4 e3 27. Re1 Raf8
28. Kg2 Bh6 29. d5 cxd5 30. cxd5 Rf2+ 31. Kh3 Bf4 32. Rxf4 R2xf4 33. dxe6 Re8
34. e7 Kg7 35. Kg3 Rf5 36. Rxe3 Rxe7 37. e6+ Kg6 38. Bb4 Rg7 39. h4 Kh5+ 40. Kh3
Rg8 41. e7 Re8 42. Re6 Rf3+ 43. Kg2 Rf4 44. Re5+ Kxh4 45. Be1+ Kg4 46. Bd2 Rf5
47. Re4+ Kh5 48. Bb4 Kg6 49. Rd4 Kf7 50. Rd8 a5 51. Bd6 Rd5 0-1

[Event "PRO League Group Stage"]
[Site "chess.com INT"]
[Date "2018.02.24"]
[Round "7"]
[White "Akobian, Varuzhan"]
[Black "Olafsson, Helgi"]
[Result "1-0"]
[WhiteTitle "GM"]
[BlackTitle "GM"]
[WhiteElo "2647"]
[BlackElo "2508"]
[WhiteTeam "Saint Louis Arch Bishops"]
[BlackTeam "Reykjavik Puffins"]
[WhiteFideId "13300580"]
[BlackFideId "2300010"]
[EventDate "2018.01.18"]

1. d4 Nf6 2. c4 e6 3. Nc3 Bb4 4. Qc2 O-O 5. Nf3 c5 6. dxc5 Na6 7. g3 Nxc5 8. Bg2
Nce4 9. O-O Nxc3 10. bxc3 Be7 11. e4 d6 12. e5 dxe5 13. Nxe5 Qc7 14. Qe2 Nd7 15.
Bf4 Nxe5 16. Bxe5 Bd6 17. Bxd6 Qxd6 18. Rab1 Rb8 19. Rfd1 Qc7 20. Qd3 b6 21. Qd6
Qxd6 22. Rxd6 Bb7 23. Rd7 Bxg2 24. Kxg2 Ra8 25. c5 bxc5 26. Rbb7 a5 27. a4 g5
28. Rb5 h6 29. Kf3 c4 30. Rc7 Rfd8 31. Rxc4 Rd2 32. h4 gxh4 33. gxh4 Rad8 34.
Rxa5 Rc2 35. Kg2 Rdd2 36. Rg4+ Kf8 37. Rf4 f5 38. Ra7 Rxc3 39. Rb4 Rd8 40. a5
Ra3 41. a6 Kg8 42. Rbb7 Kh8 43. Rh7+ Kg8 44. Rag7+ Kf8 45. a7 Ra8 46. Rb7 Kg8
47. Rhc7 1-0